| 000 | 00386nam a2200145Ia 4500 | ||
|---|---|---|---|
| 008 | 210210b1988 xxu||||| |||| 00| 0 eng d | ||
| 020 | _a0 8039 3049 6 | ||
| 082 | _a302.23 CARM | ||
| 100 | _aCAREY (James W), Ed. | ||
| 245 | _aMedia, myths, &narratives television & the press. | ||
| 260 |
_aLondon _bSage Publications _c1988 |
||
| 300 | _a264 | ||
| 690 | _aJournalism | ||
| 906 | _a047383 | ||
| 999 |
_c96415 _d96415 |
||